Statistics for Regular Show Character Quotes

Click here to take the quiz!

General Stats

  • This quiz has been taken 92 times
  • The average score is 11 of 15

Answer Stats

HintAnswer% Correct
Hmm Hmm Hmm HmmRigby
100%
Hamboning! *slapping sounds*Rigby
100%
STOP TALKING!Rigby
100%
Pops, you're coming with me. And you two idiots, if this isn't cleaned up when I get back, YOU'RE FIRED!!!!!!Benson
99%
OhhhhhhhhMordecai
99%
You're lucky I care about lady pecsMordecai
99%
Mustache Cash StashMordecai
99%
I know a guy.Muscle Man
95%
Wanna Play Quartz, Parchment, Shears?Pops
94%
I've seen this before...Skips
94%
Your soul is mineDeath
79%
Hey, Mordecai and Rigby, thanks.
For being the coolest losers we knowww!
(waving) OOOOOHHH!!
Baby Ducks
49%
Ahh...uuhhh.Hi-five Ghost
18%
Death Kwon Do / Sandwich of DeathSensai
16%
Cake.Guardians of Eternal Youth
9%

Score Distribution

Percentile by Number Answered

Percent of People with Each Score

Your Score History

You have not taken this quiz